000 00509nam a22001817a 4500
005 20251108164754.0
008 250721s1984 xx 000 0 ara d
082 1 4 _a811.9565/حدا
100 1 _aحداد، إدوارد
245 1 0 _aالتحليق على إرتفاع منخفض /
264 1 _aعمان :
_bدار ابن رشد،
_c1984.
300 _a68ص.
650 1 7 _aالشعر العربي
650 1 7 _aالأردن
650 1 7 _aالعصر الحديث
942 _2ddc
_cBK
999 _c13988
_d13988